• 首页
  • 本馆介绍
  • 公告通知
  • 最新文献
  • 馆藏检索
  • 电子资源
  • 读者导购
  • 参考咨询
  • 我的图书馆
  • 登录
  • 详细信息显示
  • 放入我的书架
  • 预约/预借图书
  • 作者相关作品
  • 分类相关作品
  • 丛书相关作品
  • 出版社相关作品

书目信息

  • 表格格式
  • 工作单格式
  • 卡片格式
题名:
常用集成电路应用实例
    
 
作者: 何希才 编著
分册:  
出版信息: 北京   电子工业出版社  2007
页数: 10,402页
开本: 26cm
丛书名: 电路应用系列
单 册:
中图分类: TN4
科图分类:
主题词: 集成电路
电子资源:
ISBN: 978-7-121-04556-1
000 00851oam2 2200265 450
001 012004152563
005 20080229101836.29
009 012004152563
010    @a978-7-121-04556-1@dCNY39.00
100    @a20070716d2007 em y0chiy0110 ea
101 0  @achi
102    @aCN@b110000
105    @ay z 000yy
106    @ar
200 1  @a常用集成电路应用实例@Achang yong ji cheng dian lu ying yong shi li@f何希才编著
210    @a北京@c电子工业出版社@d2007
215    @a10,402页@d26cm
225 2  @a电路应用系列
330    @a本书主要介绍集成电路应用实例的设计,内容包括集成运算放大器、集成功率放大器、555定时器、A/D和D/A转换器、常用传感器等;书中还提供常用电子系统设计实例。
461  0 @12001 @a电路应用系列
606 0  @a集成电路
690    @aTN4@v4
701  0 @a何希才@Ahe xi cai@4编著
801  0 @aCN@b110017@c20080229
905    @dTN4@e123@f4
    
    常用集成电路应用实例/何希才编著.-北京:电子工业出版社,2007
    10,402页;26cm.-(电路应用系列)
    
    
    ISBN 978-7-121-04556-1:CNY39.00
    本书主要介绍集成电路应用实例的设计,内容包括集成运算放大器、集成功率放大器、555定时器、A/D和D/A转换器、常用传感器等;书中还提供常用电子系统设计实例。
●
相关链接 在E读中查询图书 在五车中查询图书 在当当中查询图书 在豆瓣中查询图书


正题名:常用集成电路应用实例     索取号:TN4/123         预约/预借

序号 登录号 条形码 馆藏地/架位号 状态 备注
1 0792978   207929786   第二样本阅览室/ [索取号:TN4/123] 在馆    
2 0792980   207929802   第三借阅区/ [索取号:TN4/123] 在馆    
3 0792981   207929811   第三借阅区/ [索取号:TN4/123] 在馆    
唐山师范学院图书馆 欢迎您!
大连网信软件有限公司© 版权所有